MARC details
| 000 -LEADER |
| campo de control de longitud fija |
02473nam a22003497a 4500 |
| 003 - IDENTIFICADOR DE NÚMERO DE CONTROL |
| campo de control |
BJBSDDR |
| 005 - FECHA Y HORA DE LA ÚLTIMA TRANSACCIÓN |
| campo de control |
20260511162314.0 |
| 007 - CAMPO FIJO DE DESCRIPCIÓN FÍSICA--INFORMACIÓN GENERAL |
| campo de control de longitud fija |
ta |
| 008 - DATOS DE LONGITUD FIJA--INFORMACIÓN GENERAL |
| campo de control de longitud fija |
260219s2024 fr ||||| |||| 00| 0 fre d |
| 020 ## - NÚMERO INTERNACIONAL ESTÁNDAR DEL LIBRO |
| Número Internacional Estándar del Libro |
9791037512642 |
| 040 ## - FUENTE DE CATALOGACIÓN |
| Lengua de catalogación |
eng |
| Centro/agencia transcriptor |
DLC |
| 041 ## - CÓDIGO DE IDIOMA |
| Código de lengua del texto/banda sonora o título independiente |
fre |
| 050 14 - SIGNATURA TOPOGRÁFICA DE LA BIBLIOTECA DEL CONGRESO |
| Número de clasificación |
JK 31 |
| Número de ítem |
S671e 2024 |
| 100 1# - ENTRADA PRINCIPAL--NOMBRE DE PERSONA |
| Nombre de persona |
Snégaroff, Thomas |
| 9 (RLIN) |
7162 |
| 245 ## - MENCIÓN DEL TÍTULO |
| Título |
États-Unis : |
| Resto del título |
anatomie d'une démocratie / |
| Mención de responsabilidad, etc. |
Thomas Snégaroff, Romain Huret ; cartes et infographies, Delphine Papin et Floriane Picard ; textes complémentaires, Lucie Rondeau du Noyer. |
| 260 ## - PUBLICACIÓN, DISTRIBUCIÓN, ETC. |
| Lugar de publicación, distribución, etc. |
Paris : |
| Nombre del editor, distribuidor, etc. |
Les Arènes ; |
| -- |
France inter, |
| Fecha de publicación, distribución, etc. |
2024 |
| 300 ## - DESCRIPCIÓN FÍSICA |
| Extensión |
138 pages, 3 pages non numérotées : |
| Otras características físicas |
illustrations en couleur, cartes ; |
| Dimensiones |
21 cm. |
| 490 0# - MENCIÓN DE SERIE |
| Mención de serie |
30 questions pour tout comprendre |
| 500 ## - NOTA GENERAL |
| Nota general |
"30 questions pour tout comprendre ; Comprendre les enjeux démocratiques aux États-Unis, c'est voir où va le monde, Romain Huret"--Cover. |
| 504 ## - NOTA DE BIBLIOGRAFÍA, ETC. |
| Nota de bibliografía, etc. |
Includes bibliographical references (page 141). |
| 505 0# - NOTA DE CONTENIDO CON FORMATO |
| Nota de contenido con formato |
Introduction<br/>1. 1776, la peur de la démocratie<br/>2. 1898, la tentation impériale<br/>3. 1941, l'adieu à l'isolationnisme<br/>4. 1968, une guerre civile culturelle<br/>5. 2001, la démocratie brutalisée<br/>6. 2021, la prise du Capitole<br/>Épilogue. |
| 520 ## - RESUMEN, ETC. |
| Sumario, etc. |
Depuis une vingtaine d'années, aux États-Unis, les résultats des élections présidentielles sont systématiquement contestés. Chaque camp considère aujourd'hui que l'autre est un danger pour la démocratie, quitte à marcher sur le Capitole ou à assassiner un candidat pour la sauver. Prise en otage par les démagogues de tout poil, la démocratie américaine fait face à des défis inédits. Elle n'a jamais semblé si fragile. Risque-t-elle de s'effondrer? Que reste-t-il de cet idéal? Peut-elle, une fois encore, se réinventer? En 30 questions-réponses, Thomas Snégaroff et Romain Huret remontent aux fondements de la démocratie américaine et nous donnent les clés pour comprendre la situation actuelle. Un ouvrage clair et accessible, avec des cartes, des infographies et des textes de référence |
| 650 #4 - PUNTO DE ACCESO ADICIONAL DE MATERIA--TÉRMINO DE MATERIA |
| Término de materia o nombre geográfico como elemento de entrada |
Democracia |
| Subdivisión general |
Historia |
| 9 (RLIN) |
627 |
| 651 #4 - PUNTO DE ACCESO ADICIONAL DE MATERIA--NOMBRE GEOGRÁFICO |
| Nombre geográfico |
Estados Unidos |
| Subdivisión general |
Política y gobierno |
| 9 (RLIN) |
2191 |
| 700 1# - ENTRADA AGREGADA--NOMBRE PERSONAL |
| Nombre de persona |
Huret, Romain, |
| Fechas asociadas al nombre |
1972- |
| 9 (RLIN) |
47156 |
| 700 1# - ENTRADA AGREGADA--NOMBRE PERSONAL |
| Nombre de persona |
Papin, Delphine |
| 9 (RLIN) |
47158 |
| Término indicativo de función/relación |
cartographer |
| 700 1# - ENTRADA AGREGADA--NOMBRE PERSONAL |
| Nombre de persona |
Picard, Floriane |
| 9 (RLIN) |
48389 |
| Término indicativo de función/relación |
cartographer |
| 700 1# - ENTRADA AGREGADA--NOMBRE PERSONAL |
| Nombre de persona |
Rondeau du Noyer, Lucie |
| 9 (RLIN) |
48390 |
| Término indicativo de función/relación |
contributor |
| 830 #0 - PUNTO DE ACCESO ADICIONAL DE SERIE-TÍTULO UNIFORME |
| Título uniforme |
30 questions pour tout comprendre |
| 9 (RLIN) |
48388 |
| 942 ## - ELEMENTOS DE ENTRADA SECUNDARIOS (KOHA) |
| Fuente del sistema de clasificación o colocación |
Clasificación de Library of Congress |
| Tipo de ítem Koha |
Libro |
| 946 ## - PROCESAMIENTO DE INFORMACIÓN LOCAL (OCLC) |
| Iniciales del agente catalogador |
cmc |